| 000 | 00608nam a2200181Ia 4500 | ||
|---|---|---|---|
| 003 | OSt | ||
| 005 | 20240327143556.0 | ||
| 008 | 210210b xxu||||| |||| 00| 0 eng d | ||
| 040 | _cAL | ||
| 041 | _akan | ||
| 082 | _a856/16 | ||
| 100 |
_aKUMUDAPRIYA ಕುಮುದಪ್ರಿಯ _9147009 |
||
| 245 |
_aJivandhara charite sangraha kalayogi jedana bale shilpashri _bಜೀವಂಧರ ಚರಿತೆ ಸಂಗ್ರಹ ಕಲಯೋಗಿ ಜೇಡನ ಬಲೆ ಶಿಲ್ಪಾಶ್ರೀ |
||
| 260 |
_aBengaluru _b- |
||
| 690 |
_aKannada Miscellaneous _9147010 |
||
| 906 | _a020266 | ||
| 942 |
_2ddc _cBK |
||
| 999 |
_c144418 _d144418 |
||